000 00419nam a2200169Ia 4500
008 230711s9999||||xx |||||||||||||| ||und||
020 _a978-93-83101-22-1
041 _aENG
082 _a664
_bCA-F
100 _aCanon,Brier
245 0 _aFundamentals of Food Biotechnology
250 _a1st Ed.
260 _c2014
_aJaipur
_bAgrotech Press
300 _a272p.
650 _aFood Science and Technology
942 _cBK
999 _c7445
_d7445